Records de la Ligue 1 de football - Statistiques

Statistiques générales
  • Ce quiz a été pris 337 fois
  • Le résultat moyen est 3 sur 14
Statistiques - réponses
Hint Réponse % Correct
Plus grand nombre de titres de champion consécutifs LYON
81%
Plus grand nombre de saisons en 1e division MARSEILLE
70%
Club avec la plus longue invincibilité en championnat sur une saison NANTES
53%
Joueur le plus titré en championnat VERRATTI
41%
Plus grand nombre de victoires pour un club sur une saison 30
33%
Entraineur avec le plus de matchs ROUX
16%
Joueur recordman du nombre de matchs joués LANDREAU
13%
Meilleur buteur sur une saison SKOBLAR
11%
Nombre de clubs à y avoir joué 76
9%
Meilleur buteur total en 1e division ONNIS
9%
Recordman du plus grand nombre de victoires consécutives AS MONACO
1%
Joueur le plus âgé (44 ans) à y avoir marqué COURTOIS
0%
Plus jeune joueur à y avoir joué KRAWCYK
0%
Recordmans de cartons rouges ROOLJEUNECHAMPS
0%
Aucun quiz correspondant
Distribution des résultats
% des personnes avec chaque résultat
Percentile par nombre de réponses
Votre historique - résultats
Vous n’avez pas pris ce quiz